Państwa w języku łotewskim - Statystyki

Ogólne statystyki
  • Ten quiz został rozwiązany 363 razy
  • Średni wynik to 10 z 18
Statystyki odpowiedzi
łotewski Polskie % Poprawnych
Polija Polska
99%
Gruzija Gruzja
93%
Lietuva Litwa
93%
Dānija Dania
91%
Latvija Łotwa
90%
Itālija Włochy
90%
Kenija Kenia
89%
Dienvidkoreja Korea Południowa
47%
Apvienotā Karaliste Wielka Brytania
44%
Īrija Irlandia
43%
Baltkrievija Białoruś
41%
Somija Finlandia
41%
Savienotās Valstis Stany Zjednoczone
40%
Krievija Rosja
38%
Zviedrija Szwecja
37%
Alžīrija Algieria
30%
Igaunija Estonia
19%
Taizeme Tajlandia
14%
Nie znaleziono quizów pasujących do podanych kryteriów
Rozkład punktacji
Procent ludzi z każdym wynikiem
Percentyl według liczby udzielonych odpowiedzi
Twoja historia wyników
Nie rozwiązałeś tego quizu